Garcilaso de la Vega y Juan Boscán (Record no. 59329)

MARC details
000 -LEADER
campo de control de longitud fija 00863nac a22002657a 4500
003 - IDENTIFICADOR DE NÚMERO DE CONTROL
campo de control Co-PeBPM
005 - FECHA Y HORA DE LA ÚLTIMA TRANSACCIÓN
campo de control 20240706171303.0
007 - CAMPO FIJO DE DESCRIPCIÓN FÍSICA--INFORMACIÓN GENERAL
campo de control de longitud fija ta
008 - DATOS DE LONGITUD FIJA--INFORMACIÓN GENERAL
campo de control de longitud fija 240706s2005 ck |||| |||| 00| 0 spa d
020 ## - NÚMERO INTERNACIONAL ESTÁNDAR DEL LIBRO
Número Internacional Estándar del Libro 8498150353
040 ## - FUENTE DE CATALOGACIÓN
Centro catalogador/agencia de origen Co-PeBPM
Lengua de catalogación spa
Centro/agencia transcriptor Co-PeBPM
Normas de descripción rda
082 04 - NÚMERO DE LA CLASIFICACIÓN DECIMAL DEWEY
Número de clasificación 861 V422g
Número de edición 22
100 1# - ENTRADA PRINCIPAL--NOMBRE DE PERSONA
Nombre de persona De la Vega Garcilaso
Término indicativo de función/relación autor
245 14 - MENCIÓN DEL TÍTULO
Título Garcilaso de la Vega y Juan Boscán
Mención de responsabilidad, etc. / Garcilaso de la Vega y Juan Boscán
250 ## - MENCION DE EDICION
Mención de edición Primera edición
260 ## - PUBLICACIÓN, DISTRIBUCIÓN, ETC.
Lugar de publicación, distribución, etc. Barcelona, España
Nombre del editor, distribuidor, etc. : Diario El País,
Fecha de publicación, distribución, etc. 2005
300 ## - DESCRIPCIÓN FÍSICA
Extensión 287 páginas
Dimensiones 20 centímetros
490 ## - MENCIÓN DE SERIE
Mención de serie El País Clásicos Españoles
500 ## - NOTA GENERAL
Nota general Incluye índice
650 14 - PUNTO DE ACCESO ADICIONAL DE MATERIA--TÉRMINO DE MATERIA
Término de materia o nombre geográfico como elemento de entrada Literatura española
Fuente del encabezamiento o término Lemb
650 14 - PUNTO DE ACCESO ADICIONAL DE MATERIA--TÉRMINO DE MATERIA
Término de materia o nombre geográfico como elemento de entrada Poesías españolas - Colecciones
Fuente del encabezamiento o término Lemb
700 ## - ENTRADA AGREGADA--NOMBRE PERSONAL
Nombre de persona Boscán, Juan
Término indicativo de función/relación coautor
942 ## - ELEMENTOS DE ENTRADA SECUNDARIOS (KOHA)
Fuente del sistema de clasificación o colocación Clasificación Decimal Dewey
Tipo de ítem Koha Libros
Suprimir en OPAC No
Holdings
Estatus retirado Estado de pérdida Fuente del sistema de clasificación o colocación Estado de daño No para préstamo Biblioteca de origen Biblioteca actual Fecha de adquisición Fuente de adquisición Total de préstamos Signatura topográfica completa Código de barras Visto por última vez Copia número Precio de reemplazo Tipo de ítem Koha
    Clasificación Decimal Dewey     BIBLIOTECA PÚBLICA MUNICIPAL RAMON CORREA MEJIA BIBLIOTECA PÚBLICA MUNICIPAL RAMON CORREA MEJIA 06/07/2023 Donación   861 V422g 60088 06/07/2024 Ej.1 06/07/2024 Libros

Powered by Koha